History Quiz

Random History or World Quiz

Country by Archaeological Site Quiz Stats

Quiz Updated Jul 9, 2014

Challenge
Share
Tweet
Score 0/20 Timer 05:00
2 Plays Today
% Correct
Italy
94.8%
Peru
94.6%
Mexico
90.2%
China
89.8%
United Kingdom
86.5%
Greece
82.1%
Egypt
77.1%
France
76.4%
Turkey
72.1%
Jordan
68.6%
% Correct
Iran
60.9%
United States of America
58.1%
Tunisia
54.2%
Guatemala
51.5%
Israel
40.7%
Syria
33.7%
Libya
33.6%
Iraq
28.8%
Pakistan
24.3%
Lebanon
24.1%

You're not logged in!

Compare scores with friends on all Sporcle quizzes.
Sign Up with Email
OR
Log In

You Might Also Like...

Show Comments

Extras

Top Quizzes Today


Score Distribution

Your Account Isn't Verified!

In order to create a playlist on Sporcle, you need to verify the email address you used during registration. Go to your Sporcle Settings to finish the process.